Vista normal
Vista MARC
Entrada Topical Term
Número de registros utilizados en: 1
001 - CONTROL NUMBER
- control field: 15397
003 - CONTROL NUMBER IDENTIFIER
- control field: OSt
005 - DATE AND TIME OF LATEST TRANSACTION
- control field: 20230915230309.0
008 - FIXED-LENGTH DATA ELEMENTS
- fixed length control field: 230915|| aca||aabn | a|a d
040 ## - CATALOGING SOURCE
- Original cataloging agency: OSt
- Transcribing agency: OSt
150 ## - HEADING--TOPICAL TERM
- Topical term or geographic name entry element: LILTERATURA COLOMBIANA - HISTORIA Y CRITICA - SIGLOXX
670 ## - SOURCE DATA FOUND
- Source citation: Work cat.: (OSt)22322: Jaramillo Mercedes - Osorio Betty - Robledo Ángela, 15395, Literatura y diferencia, escritoras Colombianas del siglo XX, Editorial Universidad de Antioquia